000 00340nam a22001337a 4500
005 20231214154435.0
008 231214b |||||||| |||| 00| 0 eng d
082 _a001.42
_bSCH-S
100 _aSchaeffer; Nora. Cate
245 _aThe Science of Asking Questions
500 _aCopy of a topic.
650 _aSociology/Research
999 _c34927
_d34927